[Event "Titled Tuesday intern op 23rd Jan Early"]
[Site "Chess.com INT"]
[Date "2024.01.23"]
[Round "1"]
[White "Czerwonski, Aleksander"]
[Black "Skliarov, Viktor"]
[Result "0-1"]
[WhiteElo "2299"]
[BlackElo "2349"]
[PlyCount "70"]
[EventDate "2024.01.23"]
[EventType "swiss (blitz)"]
[EventRounds "11"]
[EventCountry "USA"]
[SourceTitle "EXT 2025"]
[Source "ChessBase"]
[SourceDate "2024.10.14"]
[SourceVersion "1"]
[SourceVersionDate "2024.10.14"]
[SourceQuality "1"]

1. d4 Nf6 2. c4 e6 3. Nf3 b6 4. g3 Bb7 5. Bg2 Be7 6. Nc3 0-0 7. Qc2 Na6 8. 0-0 c5 9. a3 cxd4 10. Nxd4 Bxg2 11. Kxg2 Rc8 12. Qd3 Qc7 13. b3 d5 14. Ncb5 Qd7 15. cxd5 Qxd5+ 16. Qf3 Ne4 17. Bb2 Nc7 18. Nxa7 Ra8 19. Nac6 Bf6 20. Rfd1 Nc5 21. Qxd5 Nxd5 22. Rab1 h5 23. Nb5 Rfc8 24. Bxf6 Rxc6 25. Bd4 Rcc8 26. Rdc1 Ne4 27. f3 Nd2 28. Rxc8+ Rxc8 29. Rb2 e5 30. Bxe5 Ne3+ 31. Kf2 Nd1+ 32. Ke1 Nxb2 33. Kxd2 Rc5 34. Bxb2 Rxb5 35. e4 Rxb3 0-1

[Event "Titled Tuesday intern op 23rd Jan Early"]
[Site "Chess.com INT"]
[Date "2024.01.23"]
[Round "9"]
[White "Hrebenshchykova, Yelyzaveta"]
[Black "Czerwonski, Aleksander"]
[Result "1-0"]
[WhiteElo "2275"]
[BlackElo "2299"]
[PlyCount "89"]
[EventDate "2024.01.23"]
[EventType "swiss (blitz)"]
[EventRounds "11"]
[EventCountry "USA"]
[SourceTitle "EXT 2025"]
[Source "ChessBase"]
[SourceDate "2024.10.14"]
[SourceVersion "1"]
[SourceVersionDate "2024.10.14"]
[SourceQuality "1"]

1. e4 d6 2. d4 Nf6 3. Nc3 g6 4. Be3 c6 5. Qd2 b5 6. a3 Nbd7 7. Nf3 Ng4 8. Bg5 h6 9. Bh4 Bb7 10. h3 Ngf6 11. e5 dxe5 12. dxe5 Nh5 13. g4 Ng7 14. 0-0-0 Ne6 15. Ne4 g5 16. Bg3 a6 17. h4 c5 18. Qe3 gxh4 19. Nxh4 Qa5 20. Bg2 b4 21. Nd6+ exd6 22. Bxb7 Rb8 23. Bd5 bxa3 24. Qxa3 Qxa3 25. bxa3 Nxe5 26. Bxe5 dxe5 27. Nf5 Be7 28. c3 Bg5+ 29. Kc2 Nf4 30. Nd6+ Ke7 31. Nxf7 Nxd5 32. Nxh8 Nf4 33. Rhe1 Rxh8 34. Rxe5+ Kf6 35. Rxc5 Re8 36. Rd6+ Kg7 37. Rc7+ Kh8 38. Rxa6 Nd5 39. Rc5 Nf4 40. a4 Kg7 41. Rc7+ Kf8 42. a5 Ne6 43. Rcc6 Kf7 44. Ra7+ Kf6 45. Rb7 1-0

[Event "Titled Tuesday intern op 16th Jan Early"]
[Site "Chess.com INT"]
[Date "2024.01.16"]
[Round "6"]
[White "Baches Garcia, Guillermo"]
[Black "Czerwonski, Aleksander"]
[Result "1-0"]
[WhiteElo "2327"]
[BlackElo "2299"]
[PlyCount "47"]
[EventDate "2024.01.16"]
[EventType "swiss (blitz)"]
[EventRounds "11"]
[EventCountry "USA"]
[SourceTitle "CBM 218 Extra"]
[Source "ChessBase"]
[SourceDate "2024.03.31"]
[SourceVersion "1"]
[SourceVersionDate "2024.03.31"]
[SourceQuality "1"]

1. d4 e5 2. e3 exd4 3. exd4 d5 4. Nf3 Bg4 5. h3 Bh5 6. Qe2+ Qe7 7. Be3 Nc6 8. Nc3 0-0-0 9. g4 Bg6 10. 0-0-0 Nf6 11. Ne5 Nxe5 12. dxe5 Qxe5 13. f4 Qe8 14. f5 Bb4 15. Bd4 Ne4 16. Nxe4 dxe4 17. fxg6 hxg6 18. Bxg7 Rxd1+ 19. Qxd1 Rg8 20. Qd4 Ba5 21. Qxa7 Bb6 22. Qa8+ Kd7 23. Bb5+ c6 24. Qxb7+ 1-0

[Event "Titled Tuesday intern op 16th Jan Early"]
[Site "Chess.com INT"]
[Date "2024.01.16"]
[Round "2"]
[White "Czerwonski, Aleksander"]
[Black "Djokic, Mihailo"]
[Result "0-1"]
[WhiteElo "2299"]
[BlackElo "2139"]
[PlyCount "52"]
[EventDate "2024.01.16"]
[EventType "swiss (blitz)"]
[EventRounds "11"]
[EventCountry "USA"]
[SourceTitle "CBM 218 Extra"]
[Source "ChessBase"]
[SourceDate "2024.03.31"]
[SourceVersion "1"]
[SourceVersionDate "2024.03.31"]
[SourceQuality "1"]

1. d4 Nf6 2. c4 e6 3. Nf3 b6 4. g3 Bb7 5. Bg2 Be7 6. Nc3 d5 7. Ne5 0-0 8. 0-0 Nbd7 9. Bf4 c5 10. cxd5 exd5 11. Qa4 cxd4 12. Qxd4 Nc5 13. Rfd1 Ne6 14. Qa4 Nxf4 15. gxf4 Bc5 16. b4 Bd6 17. Nb5 Bb8 18. e3 Qe8 19. Nf3 Bc6 20. Nfd4 a6 21. Nxc6 Qxc6 22. Nc3 Qxc3 23. Rac1 Qb2 24. Rb1 Qe2 25. Qc6 Ba7 26. Rbc1 b5 0-1

[Event "Titled Tuesday intern op 16th Jan Early"]
[Site "Chess.com INT"]
[Date "2024.01.16"]
[Round "5"]
[White "Czerwonski, Aleksander"]
[Black "Murthy, Pappu LN"]
[Result "1-0"]
[WhiteElo "2299"]
[BlackElo "1821"]
[PlyCount "53"]
[EventDate "2024.01.16"]
[EventType "swiss (blitz)"]
[EventRounds "11"]
[EventCountry "USA"]
[SourceTitle "CBM 218 Extra"]
[Source "ChessBase"]
[SourceDate "2024.03.31"]
[SourceVersion "1"]
[SourceVersionDate "2024.03.31"]
[SourceQuality "1"]

1. d4 Nf6 2. c4 e6 3. Nf3 d5 4. Bg5 Be7 5. e3 h6 6. Bxf6 Bxf6 7. Nc3 b6 8. Qc2 Bb7 9. cxd5 exd5 10. Bb5+ c6 11. Bd3 Nd7 12. e4 dxe4 13. Nxe4 0-0 14. 0-0 Be7 15. Rad1 Qc7 16. d5 c5 17. d6 Bxd6 18. Nxd6 Bxf3 19. gxf3 Ne5 20. Be4 Rad8 21. Nf5 Ng6 22. Ng3 Nf4 23. Rxd8 Qxd8 24. Rd1 Qh4 25. Qc4 Nh3+ 26. Kg2 Nf4+ 27. Kh1 1-0

[Event "Titled Tuesday intern op 16th Jan Early"]
[Site "Chess.com INT"]
[Date "2024.01.16"]
[Round "4"]
[White "Streltsov, Alexey"]
[Black "Czerwonski, Aleksander"]
[Result "1-0"]
[WhiteElo "2341"]
[BlackElo "2299"]
[PlyCount "91"]
[EventDate "2024.01.16"]
[EventType "swiss (blitz)"]
[EventRounds "11"]
[EventCountry "USA"]
[SourceTitle "CBM 218 Extra"]
[Source "ChessBase"]
[SourceDate "2024.03.31"]
[SourceVersion "1"]
[SourceVersionDate "2024.03.31"]
[SourceQuality "1"]

1. d4 d6 2. e4 Nf6 3. Nc3 g6 4. f4 Bg7 5. Nf3 0-0 6. e5 Nfd7 7. Be3 c5 8. exd6 cxd4 9. Bxd4 Nf6 10. dxe7 Qxe7+ 11. Qe2 Qc7 12. Be5 Qa5 13. Qb5 Nc6 14. Qxa5 Nxa5 15. 0-0-0 Be6 16. Nd4 Ng4 17. Bxg7 Kxg7 18. Nxe6+ fxe6 19. Rd7+ Rf7 20. Bb5 a6 21. Ba4 b5 22. Rxf7+ Kxf7 23. Bb3 Ne3 24. g3 Rd8 25. Re1 Nxb3+ 26. axb3 Ng4 27. Re2 Nh6 28. Ne4 Nf5 29. Ng5+ Kg8 30. Nxe6 Rd5 31. Nc7 Rd6 32. Re6 Rd7 33. Nxa6 Nd4 34. Re4 Nf3 35. c4 bxc4 36. bxc4 Nxh2 37. c5 Ng4 38. c6 Rd6 39. Rc4 Ne3 40. b3 Nxc4 41. bxc4 Rxc6 42. Nb8 Rxc4+ 43. Kd2 Rc7 44. Na6 Rc4 45. Kd3 Rc1 46. Ke4 1-0

[Event "Warsaw Najdorf Memorial op-A 20th"]
[Site "Warsaw"]
[Date "2023.07.13"]
[Round "3"]
[White "Dalkowski, Rafal"]
[Black "Czerwonski, Aleksander"]
[Result "1-0"]
[WhiteElo "2025"]
[BlackElo "2326"]
[PlyCount "125"]
[EventDate "2023.07.11"]
[EventType "swiss"]
[EventRounds "9"]
[EventCountry "POL"]
[SourceTitle "EXT 2024"]
[Source "ChessBase"]
[SourceDate "2023.10.10"]
[SourceVersion "1"]
[SourceVersionDate "2023.10.10"]
[SourceQuality "1"]

1. d4 d6 2. c4 e5 3. Nc3 exd4 4. Qxd4 Nc6 5. Qd2 Nf6 6. g3 Be6 7. Nd5 a5 8. Bg2 Ne5 9. b3 c6 10. Nf4 d5 11. Qb2 Bb4+ 12. Bd2 Bxd2+ 13. Qxd2 dxc4 14. Qb2 Qd6 15. bxc4 Bxc4 16. Rb1 0-0 17. Nf3 Nxf3+ 18. Bxf3 Rfd8 19. 0-0 b5 20. Rfc1 Rac8 21. e4 Qd4 22. Qc2 Nd7 23. Rd1 Qf6 24. Bg4 Qe7 25. e5 Ra8 26. e6 Ne5 27. Bf5 g6 28. exf7+ Qxf7 29. Be4 Bxa2 30. Rxd8+ Rxd8 31. Ra1 Bb3 32. Qc3 Re8 33. Rxa5 Bc4 34. Qa1 Qf6 35. Kg2 Kg7 36. Ra7+ Re7 37. Rxe7+ Qxe7 38. Bxc6 b4 39. Bd5 Kh6 40. Qc1 g5 41. Bxc4 gxf4 42. Qxf4+ Kg7 43. Qd4 Kf8 44. Bd5 Qd6 45. Qe4 Kg7 46. h4 h5 47. Qd4 Kf8 48. Qf4+ Ke7 49. Qg5+ Kd7 50. Be4 Qd4 51. Bf5+ Kc7 52. Qxh5 Qd5+ 53. Kf1 b3 54. Qh7+ Kb6 55. Be4 Qc4+ 56. Kg2 Nf7 57. Bd3 Qc3 58. h5 Ka5 59. Bb1 Qc1 60. Qxf7 Qxb1 61. Qa7+ Kb4 62. Qb7+ Kc4 63. h6 1-0

[Event "Warsaw Maciei Memorial"]
[Site "Warsaw"]
[Date "2023.07.10"]
[Round "7"]
[White "Czerwonski, Aleksander"]
[Black "Jasiulewicz, Dawid"]
[Result "1-0"]
[WhiteElo "2326"]
[BlackElo "1751"]
[PlyCount "95"]
[EventDate "2023.07.10"]
[EventType "swiss (blitz)"]
[EventRounds "11"]
[EventCountry "POL"]
[SourceTitle "CBM 215 Extra"]
[Source "ChessBase"]
[SourceDate "2023.09.30"]
[SourceVersion "1"]
[SourceVersionDate "2023.09.30"]
[SourceQuality "1"]

1. e4 e6 2. d4 d5 3. exd5 exd5 4. Bd3 Bd6 5. h3 c6 6. Qf3 Qc7 7. Ne2 Ne7 8. c3 Be6 9. Na3 Nd7 10. Bf4 Nf6 11. Bxd6 Qxd6 12. Nc2 Ng6 13. Bxg6 hxg6 14. Nf4 Bf5 15. 0-0-0 Be4 16. Qg3 0-0-0 17. Rhe1 Rhe8 18. h4 Bf5 19. Ne3 Bd7 20. Qf3 Re4 21. Nd3 Rxh4 22. Ne5 Be6 23. g3 Rh2 24. Rh1 Rxh1 25. Rxh1 c5 26. Kb1 Kb8 27. Qe2 cxd4 28. cxd4 Qb4 29. Rd1 Rc8 30. f3 a5 31. g4 g5 32. Nc2 Qb6 33. Qd2 Qc7 34. Na3 Ne8 35. Nd3 Nd6 36. Nc5 b6 37. Na6+ Kb7 38. Nxc7 Rxc7 39. Qxg5 f6 40. Qe3 Bf7 41. Qf4 Nc8 42. Nb5 Rd7 43. Rc1 Ka6 44. Rc7 Be8 45. Rxc8 Re7 46. Qb8 Re1+ 47. Kc2 Bg6+ 48. Kd2 1-0

[Event "Warsaw Maciei Memorial"]
[Site "Warsaw"]
[Date "2023.07.10"]
[Round "6"]
[White "Gbiorczyk, Mikolaj1"]
[Black "Czerwonski, Aleksander"]
[Result "1/2-1/2"]
[WhiteElo "1904"]
[BlackElo "2326"]
[PlyCount "119"]
[EventDate "2023.07.10"]
[EventType "swiss (blitz)"]
[EventRounds "11"]
[EventCountry "POL"]
[SourceTitle "CBM 215 Extra"]
[Source "ChessBase"]
[SourceDate "2023.09.30"]
[SourceVersion "1"]
[SourceVersionDate "2023.09.30"]
[SourceQuality "1"]

1. e4 e5 2. Nc3 Nf6 3. f4 d5 4. fxe5 Nxe4 5. Qf3 Nxc3 6. bxc3 h5 7. d4 Bg4 8. Qf2 Qd7 9. Nf3 Be7 10. Rb1 c6 11. Bd3 h4 12. h3 Bf5 13. Bxf5 Qxf5 14. Rxb7 Nd7 15. 0-0 Nb6 16. e6 f6 17. Qe2 Qe4 18. Qxe4 dxe4 19. Nd2 e3 20. Ne4 Nc4 21. Re1 f5 22. Nc5 f4 23. Rb4 Nb6 24. Rf1 g5 25. Rb3 Nd5 26. c4 Nc7 27. Ne4 Nxe6 28. Bb2 0-0-0 29. d5 Nc5 30. Bxh8 Nxe4 31. Be5 Kd7 32. Rb7+ Ke8 33. d6 Nxd6 34. Bxd6 Bxd6 35. Rd1 e2 36. Re1 Bc5+ 37. Kh2 Be3 38. Rxe2 Kf8 39. Rb1 Rd4 40. a4 Rxc4 41. a5 Ra4 42. Rf1 Kg7 43. Rd1 Rxa5 44. Rd6 Ra1 45. Rxe3 fxe3 46. Re6 Rc1 47. Rxe3 Rxc2 48. Re7+ Kf6 49. Rxa7 c5 50. Kg1 c4 51. Ra5 c3 52. Rc5 Rc1+ 53. Kf2 c2 54. Rc3 g4 55. hxg4 h3 56. Kg3 hxg2 57. Kxg2 Kg5 58. Rc4 Kg6 59. Kh2 Kg5 60. Kg2 1/2-1/2

[Event "Warsaw Maciei Memorial"]
[Site "Warsaw"]
[Date "2023.07.10"]
[Round "8"]
[White "Marcinczyk, Monika"]
[Black "Czerwonski, Aleksander"]
[Result "0-1"]
[WhiteElo "1983"]
[BlackElo "2326"]
[PlyCount "72"]
[EventDate "2023.07.10"]
[EventType "swiss (blitz)"]
[EventRounds "11"]
[EventCountry "POL"]
[SourceTitle "CBM 215 Extra"]
[Source "ChessBase"]
[SourceDate "2023.09.30"]
[SourceVersion "1"]
[SourceVersionDate "2023.09.30"]
[SourceQuality "1"]

1. e4 d6 2. d4 Nf6 3. Nc3 g6 4. Nf3 Bg7 5. h3 0-0 6. Be3 a6 7. Be2 b5 8. a3 Bb7 9. Qd3 Nbd7 10. 0-0 c5 11. d5 Qc7 12. Bf4 c4 13. Qd2 Nc5 14. Qe3 e5 15. dxe6 Nxe6 16. Bh2 Rfe8 17. Rad1 Rad8 18. e5 dxe5 19. Bxe5 Qc6 20. Rxd8 Rxd8 21. Rd1 Rxd1+ 22. Bxd1 Nd5 23. Qe1 Nxc3 24. Qxc3 Qd5 25. Be2 Nf4 26. Bf1 Nxh3+ 27. Kh2 Bxe5+ 28. Qxe5 Qxe5+ 29. Nxe5 Nxf2 30. Kg3 Ne4+ 31. Kf4 f6 32. Nd7 Kf7 33. b3 cxb3 34. cxb3 Ke7 35. Nb6 Nd2 36. Bd3 Nxb3 0-1